000 00668nam a2200241Ia 4500
003 OSt
005 20221005113947.0
006 a|||||r|||| 00| 0
007 ta
008 221004b |||||||| |||| 00| 0 ara d
020 _c150
024 _a39342
037 _b04, 26/03/2007, Nadwi Publications
_cTextual
040 _aCRL
_cCRL
_bara
041 _2ara
_aara
082 _aO28,2:g, N7
100 _aHilal Mohammad Aneemi Au.
_9625240
245 0 _aAl-romantikia
260 _c1997
650 _aARABIC DRAMA
942 _hO28,2:g, N7
_cTEXL
_2cc
999 _c1029884
_d1029884